[Event "Irish Championship 2015"]
[Site "Dublin IRL"]
[Date "2015.07.05"]
[Round "2.9"]
[White "Palmer, Bernard"]
[Black "Mulligan, Scott"]
[Result "0-1"]
[WhiteElo "2022"]
[BlackElo "1957"]
[WhiteICU "1928"]
[BlackICU "1947"]
[WhiteClub "Dun Laoghaire"]
[BlackClub "Rathmines"]
[WhiteNationality "IRL"]
[BlackNationality "IRL"]
[WhiteFideId "2500701"]
[BlackFideId "2507498"]
[PlyCount "76"]
[EventDate "2015.07.04"]

{ Source: <a
href="https://www.chess-results.com/tnr179720.aspx">Chess-Results.com</a>.
} { Event information: <a
href="https://www.irlchess.com/irlch2015_allfiles/pairings_irlch2015.html">Tournament
report</a>. }

1. c4 Nf6 2. g3 g6 3. Bg2 Bg7 4. Nc3 O-O 5. e4 d6 6. Nge2 Nc6 7. O-O a6 8.
h3 Rb8 9. a4 Bd7 10. d3 Nb4 11. f4 c6 12. f5 b5 13. axb5 axb5 14. b3 Qb6+
15. Kh1 bxc4 16. bxc4 Nh5 17. Rf3 Ra8 18. Rb1 Qa5 19. g4 Nf6 20. Ng3 Rfb8
21. Rb3 Na2 22. Nxa2 Qxa2 23. Rxb8+ Rxb8 24. Rf1 Rb3 25. Re1 Qb1 26. Bf1 c5
27. g5 Ne8 28. Bf4 Qa2 29. Re2 Qa3 30. Rc2 Ba4 31. Qe2 Rb1 32. Ra2 Qb4 33.
e5 Bc6+ 34. Kg1 dxe5 35. Bd2 Qb8 36. Qf2 e4 37. Be3 exd3 38. Bxc5 Be5 0-1

[Event "Irish Championship 2015"]
[Site "Dublin IRL"]
[Date "2015.07.06"]
[Round "3.1"]
[White "Brady, Stephen"]
[Black "Short, Philip"]
[Result "1-0"]
[WhiteTitle "FM"]
[BlackTitle "FM"]
[WhiteElo "2349"]
[BlackElo "2294"]
[WhiteICU "2310"]
[BlackICU "2233"]
[WhiteClub "St. Benildus"]
[WhiteNationality "IRL"]
[BlackNationality "IRL"]
[WhiteFideId "2500124"]
[BlackFideId "2500086"]
[PlyCount "113"]
[EventDate "2015.07.04"]

{ Source: <a
href="https://www.chess-results.com/tnr179720.aspx">Chess-Results.com</a>.
} { Event information: <a
href="https://www.irlchess.com/irlch2015_allfiles/pairings_irlch2015.html">Tournament
report</a>. }

1. e4 e6 2. d4 d5 3. Nd2 c5 4. Ngf3 cxd4 5. exd5 Qxd5 6. Bc4 Qd6 7. O-O Nf6
8. Nb3 Nc6 9. Nbxd4 Nxd4 10. Nxd4 a6 11. Bb3 Qc7 12. Qf3 Bd6 13. h3 O-O 14.
Bg5 b5 15. Bxf6 gxf6 16. Qxf6 Be5 17. Qh4 Bb7 18. c3 Kh8 19. f4 Rg8 20. Rf2
Bd6 21. Re1 Rg7 22. Bc2 Qc5 23. Re3 Be7 24. Qh6 Rag8 25. Rg3 Qd5 26. Rff3
f5 27. Rxg7 Rxg7 28. Qxe6 Qxe6 29. Nxe6 Bxf3 30. Nxg7 Kxg7 31. gxf3 Bc5+
32. Kf1 Kf6 33. Ke2 Bd6 34. Ke3 Bc5+ 35. Kd3 Ke6 36. Bb3+ Kd6 37. Bg8 h6
38. Bf7 Bg1 39. Bg6 Ke6 40. b4 Bh2 41. Be8 Bxf4 42. Bc6 Kd6 43. Bb7 a5 44.
bxa5 Bh2 45. Bc8 f4 46. Ke4 Kc7 47. Ba6 Kc6 48. h4 Bg3 49. h5 Be1 50. c4
bxc4 51. Bxc4 Bxa5 52. Kxf4 Kc5 53. Bb3 Kd4 54. a4 Bd8 55. Kf5 Bc7 56. Kg6
Bf4 57. a5 1-0

[Event "Irish Championship 2015"]
[Site "Dublin IRL"]
[Date "2015.07.06"]
[Round "3.2"]
[White "Jessel, Stephen"]
[Black "O'Donnell, Conor"]
[Result "1-0"]
[WhiteTitle "FM"]
[BlackTitle "FM"]
[WhiteElo "2352"]
[BlackElo "2263"]
[WhiteICU "2274"]
[BlackICU "2202"]
[WhiteClub "V&eacute;sinet FRA"]
[BlackClub "Gonzaga"]
[WhiteNationality "IRL"]
[BlackNationality "IRL"]
[WhiteFideId "628859"]
[BlackFideId "2504243"]
[PlyCount "67"]
[EventDate "2015.07.04"]

{ Source: <a
href="https://www.chess-results.com/tnr179720.aspx">Chess-Results.com</a>.
} { Event information: <a
href="https://www.irlchess.com/irlch2015_allfiles/pairings_irlch2015.html">Tournament
report</a>. }

1. Nf3 d5 2. c4 d4 3. g3 Nc6 4. Bg2 e5 5. O-O e4 6. Ne1 h5 7. d3 e3 8. fxe3
h4 9. Nf3 hxg3 10. hxg3 Nf6 11. exd4 Nxd4 12. Nc3 Nxf3+ 13. Rxf3 Bc5+ 14.
Be3 Bxe3+ 15. Rxe3+ Kf8 16. Qd2 c6 17. Ne4 Qd4 18. Nxf6 gxf6 19. Rf1 Bh3
20. Rf4 Qc5 21. b4 Qg5 22. Qc3 Bxg2 23. Kxg2 Rh6 24. Qd4 f5 25. Qc5+ Kg8
26. Qxf5 Qg7 27. Rg4 Rg6 28. Rxg6 fxg6 29. Qe6+ Kh7 30. Qh3+ Kg8 31. Qe6+
Kh7 32. g4 Kh6 33. g5+ Kxg5 34. Rg3+ 1-0

[Event "Irish Championship 2015"]
[Site "Dublin IRL"]
[Date "2015.07.06"]
[Round "3.3"]
[White "Fitzsimons, David"]
[Black "Daly, Colm"]
[Result "1-0"]
[WhiteTitle "FM"]
[BlackTitle "FM"]
[WhiteElo "2416"]
[BlackElo "2319"]
[WhiteICU "2337"]
[BlackICU "2250"]
[WhiteClub "Elm Mount"]
[BlackClub "Bray/Greystones"]
[WhiteNationality "IRL"]
[BlackNationality "IRL"]
[WhiteFideId "2501961"]
[BlackFideId "2500434"]
[PlyCount "107"]
[EventDate "2015.07.04"]

{ Source: <a
href="https://www.chess-results.com/tnr179720.aspx">Chess-Results.com</a>.
} { Event information: <a
href="https://www.irlchess.com/irlch2015_allfiles/pairings_irlch2015.html">Tournament
report</a>. }

1. e4 c5 2. Nf3 e6 3. d4 cxd4 4. Nxd4 a6 5. Bd3 Nf6 6. O-O Qc7 7. Qe2 d6 8.
c4 g6 9. Nc3 Bg7 10. Rd1 O-O 11. Nf3 Nc6 12. h3 Nd7 13. Be3 b6 14. Rac1 Nc5
15. Bb1 Bb7 16. Qd2 Rad8 17. Nd5 exd5 18. cxd5 Nb8 19. b4 Nbd7 20. a4 Rfe8
21. Nd4 Rc8 22. a5 b5 23. bxc5 dxc5 24. Nc6 c4 25. Ne7+ Kh8 26. Nxc8 Qxc8
27. Bd4 Bxd4 28. Qxd4+ Kg8 29. f4 Nc5 30. d6 Rd8 31. Rc3 Qc6 32. Qf6 Rd7
33. Rd5 Ne6 34. f5 Ng7 35. Qe5 b4 36. Rc5 Qxd6 37. Qxd6 Rxd6 38. R3xc4 Rd1+
39. Kh2 Rxb1 40. Rc7 h5 41. Rxb7 b3 42. Rc8+ Kh7 43. Rxf7 b2 44. Rb8 gxf5
45. exf5 h4 46. f6 Kg6 47. fxg7 Kxf7 48. g8=Q+ Kf6 49. Rb6+ Ke5 50. Qg5+
Kd4 51. Qd2+ Ke5 52. Qe3+ Kd5 53. Qd3+ Kc5 54. Qxb1 1-0

[Event "Irish Championship 2015"]
[Site "Dublin IRL"]
[Date "2015.07.06"]
[Round "3.4"]
[White "O'Connell, Gerard"]
[Black "O'Gorman, Tom"]
[Result "1-0"]
[WhiteElo "2106"]
[BlackElo "1859"]
[WhiteICU "2000"]
[BlackICU "1861"]
[WhiteClub "St. Benildus"]
[BlackClub "Dun Laoghaire"]
[WhiteNationality "IRL"]
[BlackNationality "IRL"]
[WhiteFideId "2500493"]
[BlackFideId "2508249"]
[PlyCount "81"]
[EventDate "2015.07.04"]

{ Source: <a
href="https://www.chess-results.com/tnr179720.aspx">Chess-Results.com</a>.
} { Event information: <a
href="https://www.irlchess.com/irlch2015_allfiles/pairings_irlch2015.html">Tournament
report</a>. }

1. d4 f5 2. Nf3 Nf6 3. g3 b6 4. Bg2 Bb7 5. c4 e6 6. Nc3 Bb4 7. O-O O-O 8.
Bd2 Bxc3 9. Bxc3 Ne4 10. Rc1 d6 11. Nd2 Nxc3 12. Rxc3 Qc8 13. e4 e5 14.
dxe5 dxe5 15. Bh3 Nc6 16. Nf3 Qe8 17. exf5 e4 18. Ng5 Rd8 19. Qg4 Ne5 20.
Qh4 h6 21. Nxe4 Qc6 22. Bg2 Rd4 23. Nf6+ Qxf6 24. Qxf6 Rxf6 25. Bxb7 Rxf5
26. f4 Nd7 27. Bd5+ Kf8 28. Rf2 Nc5 29. b4 Ne4 30. Bxe4 Rxe4 31. Rd2 a5 32.
a3 g5 33. fxg5 hxg5 34. Kg2 g4 35. h3 gxh3+ 36. Kxh3 Rh5+ 37. Kg2 Rg5 38.
Rd7 axb4 39. axb4 c5 40. b5 Reg4 41. Re3 1-0

[Event "Irish Championship 2015"]
[Site "Dublin IRL"]
[Date "2015.07.06"]
[Round "3.5"]
[White "Mulligan, Scott"]
[Black "Harding, Tim"]
[Result "1-0"]
[WhiteElo "1957"]
[BlackElo "2085"]
[WhiteICU "1947"]
[BlackICU "1949"]
[WhiteClub "Rathmines"]
[BlackClub "T.C.D."]
[WhiteNationality "IRL"]
[BlackNationality "IRL"]
[WhiteFideId "2507498"]
[BlackFideId "2500256"]
[PlyCount "81"]
[EventDate "2015.07.04"]

{ Source: <a
href="https://www.chess-results.com/tnr179720.aspx">Chess-Results.com</a>.
} { Event information: <a
href="https://www.irlchess.com/irlch2015_allfiles/pairings_irlch2015.html">Tournament
report</a>. }

1. e4 d6 2. Nf3 Nf6 3. Nc3 e5 4. Bc4 Be7 5. d3 c6 6. Bb3 O-O 7. h3 Be6 8.
Ne2 Na6 9. c3 Bxb3 10. Qxb3 Nc5 11. Qc2 d5 12. Ng3 dxe4 13. dxe4 Qd3 14.
Qxd3 Nxd3+ 15. Ke2 Nf4+ 16. Kf1 Rfd8 17. Be3 Nd3 18. Rb1 Bc5 19. Nxe5 Bxe3
20. Nxd3 Rxd3 21. Ke2 Rad8 22. fxe3 Rd2+ 23. Kf3 Nd7 24. Nf5 Ne5+ 25. Kg3
Nc4 26. b3 Ne5 27. Rbc1 Rxa2 28. Ra1 Rxa1 29. Rxa1 a6 30. Ra2 g6 31. Nd4 c5
32. Nf3 Nc6 33. Kf4 Rd3 34. Rc2 f6 35. e5 fxe5+ 36. Ke4 Rd7 37. Rd2 Rxd2
38. Nxd2 Kf7 39. Kd5 Kf6 40. Ne4+ Kf5 41. g4# 1-0

[Event "Irish Championship 2015"]
[Site "Dublin IRL"]
[Date "2015.07.06"]
[Round "3.6"]
[White "O'Neill, Paul"]
[Black "MacElligott, Gerard"]
[Result "1-0"]
[BlackTitle "CM"]
[WhiteElo "1954"]
[BlackElo "2062"]
[WhiteICU "1728"]
[BlackICU "1941"]
[WhiteClub "Naomh Barr&oacute;g"]
[BlackClub "Elm Mount"]
[WhiteNationality "IRL"]
[BlackNationality "IRL"]
[WhiteFideId "2507692"]
[BlackFideId "2500647"]
[PlyCount "171"]
[EventDate "2015.07.04"]

{ Source: <a
href="https://www.chess-results.com/tnr179720.aspx">Chess-Results.com</a>.
} { Event information: <a
href="https://www.irlchess.com/irlch2015_allfiles/pairings_irlch2015.html">Tournament
report</a>. }

1. e4 e6 2. Nf3 d5 3. Nc3 Nf6 4. e5 Nfd7 5. d4 c5 6. dxc5 Nc6 7. Bf4 Bxc5
8. Bd3 f6 9. exf6 Nxf6 10. O-O O-O 11. Ne5 Bd7 12. a3 a6 13. Qe2 Qe7 14.
Rae1 Rae8 15. Kh1 Nxe5 16. Bxe5 Bc6 17. Nb1 Qf7 18. Nd2 Qh5 19. Nf3 Ne4 20.
Bd4 Rf4 21. Bxc5 Nxc5 22. Qe3 Nxd3 23. cxd3 Qf5 24. Nd4 Qf6 25. Ne2 Rg4 26.
d4 Bb5 27. f4 Qg6 28. Rf2 Rf8 29. g3 h5 30. Nc3 Bd7 31. Rg1 h4 32. Rfg2 Rf5
33. gxh4 Rxg2 34. Rxg2 Qh6 35. Rg4 Qh5 36. h3 e5 37. dxe5 d4 38. Qxd4 Bc6+
39. Kh2 Qf7 40. Ne2 Bf3 41. Qe3 Bxe2 42. Qxe2 Rxf4 43. Kg3 Rf5 44. e6 Qe7
45. Rd4 Qc7+ 46. Kg4 Rf6 47. Qe4 Qe7 48. Rd7 Qxe6+ 49. Qxe6+ Rxe6 50. Rxb7
Re4+ 51. Kg5 Re3 52. Rb6 Rxh3 53. Rxa6 Rb3 54. a4 Rxb2 55. Ra7 Rg2+ 56. Kh5
Ra2 57. a5 Kh7 58. Kg5 Rg2+ 59. Kf4 Rh2 60. Kg3 Ra2 61. a6 Ra3+ 62. Kf4
Ra4+ 63. Ke5 Rxh4 64. Ke6 Ra4 65. Ke7 Ra1 66. Kf8 Rf1+ 67. Rf7 Ra1 68.
Rxg7+ Kh8 69. Ra7 Ra2 70. Ra8 Ra1 71. Ke7+ Kg7 72. Kd7 Kf7 73. Kc7 Rc1+ 74.
Kb7 Rb1+ 75. Ka7 Ke7 76. Rb8 Ra1 77. Rb6 Rd1 78. Rh6 Kd7 79. Kb7 Rc1 80. a7
Rc7+ 81. Kb6 Rc8 82. Rh7+ Kd6 83. Kb7 Rc1 84. a8=Q Rb1+ 85. Kc8 Rc1+ 86.
Kd8 1-0

[Event "Irish Championship 2015"]
[Site "Dublin IRL"]
[Date "2015.07.06"]
[Round "3.7"]
[White "Fox, Anthony"]
[Black "Boland, Dylan"]
[Result "1/2-1/2"]
[WhiteElo "2035"]
[BlackElo "1682"]
[WhiteICU "2002"]
[BlackICU "1667"]
[WhiteClub "Dun Laoghaire"]
[BlackClub "St. Benildus"]
[WhiteNationality "IRL"]
[BlackNationality "IRL"]
[WhiteFideId "2500736"]
[BlackFideId "2507560"]
[PlyCount "66"]
[EventDate "2015.07.04"]

{ Source: <a
href="https://www.chess-results.com/tnr179720.aspx">Chess-Results.com</a>.
} { Event information: <a
href="https://www.irlchess.com/irlch2015_allfiles/pairings_irlch2015.html">Tournament
report</a>. }

1. e4 c5 2. Nc3 d6 3. g3 Nc6 4. Bg2 g6 5. d3 Bg7 6. Be3 e6 7. Qd2 h5 8. h3
Nge7 9. Nge2 Nd4 10. Nd1 Nxe2 11. Qxe2 Qc7 12. O-O Bd7 13. Qd2 O-O 14. Bh6
d5 15. Bxg7 Kxg7 16. exd5 exd5 17. Nc3 Be6 18. Rae1 Rad8 19. Ne2 Rfe8 20.
Qg5 Ng8 21. Nf4 Nf6 22. Re2 Qd7 23. Rfe1 Bf5 24. Qh4 d4 25. Kf1 b5 26. b3
b4 27. Re5 Rxe5 28. Rxe5 Qd6 29. Re1 Re8 30. Rxe8 Nxe8 31. Nd5 Nf6 32. Qf4
Qxf4 33. Nxf4 g5 1/2-1/2

[Event "Irish Championship 2015"]
[Site "Dublin IRL"]
[Date "2015.07.06"]
[Round "3.8"]
[White "O'Rourke, Ray"]
[Black "Kennedy, John P. A."]
[Result "0-1"]
[WhiteElo "1984"]
[BlackElo "2074"]
[WhiteICU "1847"]
[BlackICU "2017"]
[WhiteClub "Bray/Greystones"]
[BlackClub "Dublin"]
[WhiteNationality "IRL"]
[BlackNationality "IRL"]
[WhiteFideId "2501023"]
[BlackFideId "2501120"]
[PlyCount "70"]
[EventDate "2015.07.04"]

{ Source: <a
href="https://www.chess-results.com/tnr179720.aspx">Chess-Results.com</a>.
} { Event information: <a
href="https://www.irlchess.com/irlch2015_allfiles/pairings_irlch2015.html">Tournament
report</a>. }

1. e4 c5 2. Nf3 d6 3. d4 cxd4 4. Nxd4 Nf6 5. Nc3 a6 6. Be2 e5 7. Nb3 Be7 8.
O-O O-O 9. a4 Nc6 10. Be3 Be6 11. Bf3 Nb4 12. a5 d5 13. Bb6 Qd7 14. Nc5 Qc6
15. exd5 Bxd5 16. Nxd5 Nbxd5 17. c4 Bxc5 18. cxd5 Qd6 19. Bxc5 Qxc5 20. Re1
Rfe8 21. d6 e4 22. d7 Red8 23. Bxe4 Rxd7 24. Qa4 Rd4 25. Bxh7+ Kxh7 26. Qb3
Qd5 27. Qh3+ Kg8 28. Rac1 Rd8 29. Qf3 Qxf3 30. gxf3 Rd2 31. Re7 Rxb2 32.
Kg2 Nd5 33. Re4 f5 34. Rh4 g5 35. Ra4 Nf4+ 0-1

[Event "Irish Championship 2015"]
[Site "Dublin IRL"]
[Date "2015.07.06"]
[Round "3.9"]
[White "Li, Henry"]
[Black "Palmer, Bernard"]
[Result "0-1"]
[WhiteElo "1866"]
[BlackElo "2022"]
[WhiteICU "1775"]
[BlackICU "1928"]
[WhiteClub "Rathmines"]
[BlackClub "Dun Laoghaire"]
[WhiteNationality "IRL"]
[BlackNationality "IRL"]
[WhiteFideId "2508524"]
[BlackFideId "2500701"]
[PlyCount "60"]
[EventDate "2015.07.04"]

{ Source: <a
href="https://www.chess-results.com/tnr179720.aspx">Chess-Results.com</a>.
} { Event information: <a
href="https://www.irlchess.com/irlch2015_allfiles/pairings_irlch2015.html">Tournament
report</a>. }

1. e4 e6 2. d4 d5 3. Nd2 c5 4. c3 Nc6 5. Ngf3 dxe4 6. Nxe4 cxd4 7. cxd4 Nf6
8. Bd3 Be7 9. O-O O-O 10. Bb1 g6 11. a3 b6 12. Re1 Bb7 13. Neg5 Qd7 14. Ba2
Nd5 15. h4 Nc7 16. Bf4 Bf6 17. h5 Rac8 18. Ne4 Be7 19. hxg6 hxg6 20. Bd6
Qd8 21. Bxe7 Nxe7 22. Qd2 Kg7 23. Qf4 Bxe4 24. Rxe4 Ned5 25. Qd2 Qf6 26.
Ne5 Rh8 27. Rae1 Rh4 28. Ng4 Qf5 29. Re5 Qxg4 30. Rg5 Qxd4 0-1

[Event "Irish Championship 2015"]
[Site "Dublin IRL"]
[Date "2015.07.07"]
[Round "4.1"]
[White "Brady, Stephen"]
[Black "Jessel, Stephen"]
[Result "1/2-1/2"]
[WhiteTitle "FM"]
[BlackTitle "FM"]
[WhiteElo "2349"]
[BlackElo "2352"]
[WhiteICU "2310"]
[BlackICU "2274"]
[WhiteClub "St. Benildus"]
[BlackClub "V&eacute;sinet FRA"]
[WhiteNationality "IRL"]
[BlackNationality "IRL"]
[WhiteFideId "2500124"]
[BlackFideId "628859"]
[PlyCount "63"]
[EventDate "2015.07.04"]

{ Source: <a
href="https://www.chess-results.com/tnr179720.aspx">Chess-Results.com</a>.
} { Event information: <a
href="https://www.irlchess.com/irlch2015_allfiles/pairings_irlch2015.html">Tournament
report</a>. }

1. e4 e6 2. d4 d5 3. Nd2 Nf6 4. e5 Nfd7 5. c3 c5 6. Bd3 Nc6 7. Ne2 cxd4 8.
cxd4 f6 9. Nf4 Nxd4 10. Qh5+ Ke7 11. exf6+ Nxf6 12. Ng6+ hxg6 13. Qxh8 Kf7
14. Qh4 e5 15. Nf3 Nxf3+ 16. gxf3 Bf5 17. Bxf5 gxf5 18. Bg5 Qa5+ 19. Kf1 g6
20. Bxf6 Qa6+ 21. Kg2 Qxf6 22. Qa4 Qc6 23. Qb3 Bh6 24. Rhd1 Rd8 25. Rd3 Kf6
26. Rc3 Qd7 27. Qc2 Qd6 28. Rc7 Rd7 29. Rxd7 Qxd7 30. Rd1 d4 31. Qc5 d3 32.
Qxa7 1/2-1/2

[Event "Irish Championship 2015"]
[Site "Dublin IRL"]
[Date "2015.07.07"]
[Round "4.2"]
[White "O'Neill, Paul"]
[Black "Fitzsimons, David"]
[Result "0-1"]
[BlackTitle "FM"]
[WhiteElo "1954"]
[BlackElo "2416"]
[WhiteICU "1728"]
[BlackICU "2337"]
[WhiteClub "Naomh Barr&oacute;g"]
[BlackClub "Elm Mount"]
[WhiteNationality "IRL"]
[BlackNationality "IRL"]
[WhiteFideId "2507692"]
[BlackFideId "2501961"]
[PlyCount "62"]
[EventDate "2015.07.04"]

{ Source: <a
href="https://www.chess-results.com/tnr179720.aspx">Chess-Results.com</a>.
} { Event information: <a
href="https://www.irlchess.com/irlch2015_allfiles/pairings_irlch2015.html">Tournament
report</a>. }

1. e4 c5 2. Nf3 d6 3. d4 cxd4 4. Nxd4 Nf6 5. Nc3 a6 6. Bc4 e6 7. Bb3 Nbd7
8. Bg5 Qa5 9. Qd2 Be7 10. O-O-O Nc5 11. Kb1 Bd7 12. f3 b5 13. Rhe1 b4 14.
Nce2 Nfxe4 15. fxe4 Nxb3 16. Nxb3 Qxg5 17. Qxg5 Bxg5 18. Rxd6 Ke7 19. Red1
Bb5 20. Ng3 Bf4 21. Rb6 Ra7 22. Nd4 Rd7 23. Ndf5+ exf5 24. Nxf5+ Kd8 25.
Rxd7+ Kxd7 26. Nxg7 Rg8 27. Rf6 Be5 28. Rxf7+ Kc8 29. Ne6 Rxg2 30. a3 Rg1+
31. Ka2 Bc4+ 0-1

[Event "Irish Championship 2015"]
[Site "Dublin IRL"]
[Date "2015.07.07"]
[Round "4.3"]
[White "Short, Philip"]
[Black "Mulligan, Scott"]
[Result "1-0"]
[WhiteTitle "FM"]
[WhiteElo "2294"]
[BlackElo "1957"]
[WhiteICU "2233"]
[BlackICU "1947"]
[BlackClub "Rathmines"]
[WhiteNationality "IRL"]
[BlackNationality "IRL"]
[WhiteFideId "2500086"]
[BlackFideId "2507498"]
[PlyCount "81"]
[EventDate "2015.07.04"]

{ Source: <a
href="https://www.chess-results.com/tnr179720.aspx">Chess-Results.com</a>.
} { Event information: <a
href="https://www.irlchess.com/irlch2015_allfiles/pairings_irlch2015.html">Tournament
report</a>. }

1. c4 Nf6 2. Nc3 d6 3. e4 g6 4. g3 Bg7 5. Bg2 O-O 6. Nge2 c5 7. O-O Nc6 8.
a3 a6 9. Rb1 Rb8 10. b4 cxb4 11. axb4 b5 12. cxb5 axb5 13. d4 e5 14. d5 Ne7
15. h3 Nd7 16. Qb3 f5 17. exf5 Nxf5 18. Ne4 Nf6 19. Bg5 h6 20. Bxf6 Bxf6
21. Rbc1 Bg7 22. Rc2 Bb7 23. Qd3 Qb6 24. N4c3 Rbc8 25. Be4 Rc4 26. Rb2 Nd4
27. Nxd4 Rxd4 28. Qe3 Qa6 29. Ra2 Qb6 30. Ne2 Bc8 31. h4 Qd8 32. Nxd4 exd4
33. Qd3 g5 34. h5 Bg4 35. Qxb5 Qf6 36. Qd3 Bxh5 37. b5 Rc8 38. b6 Qe7 39.
Ra7 Qd8 40. b7 Rb8 41. Qa6 1-0

[Event "Irish Championship 2015"]
[Site "Dublin IRL"]
[Date "2015.07.07"]
[Round "4.4"]
[White "O'Donnell, Conor"]
[Black "O'Connell, Gerard"]
[Result "1/2-1/2"]
[WhiteTitle "FM"]
[WhiteElo "2263"]
[BlackElo "2106"]
[WhiteICU "2202"]
[BlackICU "2000"]
[WhiteClub "Gonzaga"]
[BlackClub "St. Benildus"]
[WhiteNationality "IRL"]
[BlackNationality "IRL"]
[WhiteFideId "2504243"]
[BlackFideId "2500493"]
[PlyCount "72"]
[EventDate "2015.07.04"]

{ Source: <a
href="https://www.chess-results.com/tnr179720.aspx">Chess-Results.com</a>.
} { Event information: <a
href="https://www.irlchess.com/irlch2015_allfiles/pairings_irlch2015.html">Tournament
report</a>. }

1. d4 Nf6 2. c4 g6 3. g3 Bg7 4. Bg2 d5 5. cxd5 Nxd5 6. e4 Nb6 7. Ne2 c5 8.
d5 O-O 9. O-O e6 10. Nec3 exd5 11. exd5 N8d7 12. a4 Nc4 13. Nd2 Nxd2 14.
Bxd2 Ne5 15. Ne4 b6 16. Bg5 f6 17. d6 Be6 18. Bf4 Qd7 19. Bxe5 fxe5 20. Ng5
Bc4 21. Bxa8 Rxa8 22. Rc1 Be6 23. Nxe6 Qxe6 24. b4 cxb4 25. d7 Rd8 26. Rc7
b3 27. Re1 b2 28. Qd3 a5 29. f3 Kf7 30. Rd1 Bf8 31. Kg2 Bc5 32. Rc8 Rxc8
33. dxc8=Q Qxc8 34. Qb3+ Qe6 35. Qxb2 e4 36. Qe2 e3 1/2-1/2

[Event "Irish Championship 2015"]
[Site "Dublin IRL"]
[Date "2015.07.07"]
[Round "4.5"]
[White "Daly, Colm"]
[Black "Fox, Anthony"]
[Result "1-0"]
[WhiteTitle "FM"]
[WhiteElo "2319"]
[BlackElo "2035"]
[WhiteICU "2250"]
[BlackICU "2002"]
[WhiteClub "Bray/Greystones"]
[BlackClub "Dun Laoghaire"]
[WhiteNationality "IRL"]
[BlackNationality "IRL"]
[WhiteFideId "2500434"]
[BlackFideId "2500736"]
[PlyCount "107"]
[EventDate "2015.07.04"]

{ Source: <a
href="https://www.chess-results.com/tnr179720.aspx">Chess-Results.com</a>.
} { Event information: <a
href="https://www.irlchess.com/irlch2015_allfiles/pairings_irlch2015.html">Tournament
report</a>. }

1. e4 e5 2. Nf3 Nc6 3. Bb5 a6 4. Ba4 Nf6 5. O-O Be7 6. Re1 b5 7. Bb3 d6 8.
c3 O-O 9. h3 Bb7 10. d3 Na5 11. Bc2 c5 12. Nbd2 Re8 13. Nf1 h6 14. Ng3 Bf8
15. d4 Qc7 16. d5 Nc4 17. b3 Nb6 18. a4 bxa4 19. bxa4 a5 20. Bd3 c4 21. Bc2
Ba6 22. Nh2 Nbd7 23. Nf5 Kh7 24. Qf3 g6 25. Ng3 Bg7 26. Ng4 Nxg4 27. hxg4
Nc5 28. Kh2 Nd3 29. Rh1 Nxc1 30. Raxc1 Rab8 31. Kg1 Qe7 32. Qe3 Kg8 33. Nf1
Rb2 34. Nd2 Qg5 35. Qxg5 hxg5 36. Kf1 Reb8 37. Rb1 Rxb1+ 38. Bxb1 Bc8 39.
Ke2 Bxg4+ 40. f3 Bd7 41. Nxc4 Bxa4 42. Bd3 Bd7 43. Ra1 a4 44. Kd2 Bf8 45.
Bc2 g4 46. Bxa4 Bxa4 47. Rxa4 gxf3 48. gxf3 Rb1 49. Ra6 Rf1 50. Nxd6 Bxd6
51. Rxd6 Rxf3 52. Rd8+ Kg7 53. d6 Rf6 54. c4 1-0

[Event "Irish Championship 2015"]
[Site "Dublin IRL"]
[Date "2015.07.07"]
[Round "4.6"]
[White "Kennedy, John P. A."]
[Black "Boland, Dylan"]
[Result "0-1"]
[WhiteElo "2074"]
[BlackElo "1682"]
[WhiteICU "2017"]
[BlackICU "1667"]
[WhiteClub "Dublin"]
[BlackClub "St. Benildus"]
[WhiteNationality "IRL"]
[BlackNationality "IRL"]
[WhiteFideId "2501120"]
[BlackFideId "2507560"]
[PlyCount "61"]
[EventDate "2015.07.04"]

{ Source: <a
href="https://www.chess-results.com/tnr179720.aspx">Chess-Results.com</a>.
} { Event information: <a
href="https://www.irlchess.com/irlch2015_allfiles/pairings_irlch2015.html">Tournament
report</a>. }

1. Nf3 c5 2. g3 d6 3. d4 cxd4 4. Nxd4 e5 5. Nb3 d5 6. Bg2 Be6 7. O-O Nc6 8.
Nc3 d4 9. Ne4 Qb6 10. Ng5 Bxb3 11. cxb3 h6 12. Ne4 f5 13. Nd2 Nf6 14. Nc4
Qc7 15. Bd2 Rc8 16. Rc1 Be7 17. Na5 Qd7 18. Qc2 e4 19. Qc4 Kd8 20. Qb5 Nxa5
21. Qxa5+ b6 22. Rxc8+ Kxc8 23. Rc1+ Kb7 24. Qe5 Re8 25. Bf4 Bc5 26. Rxc5
Rxe5 27. Rxe5 Ng4 28. Bxe4+ fxe4 29. Rxe4 g5 30. Bd2 Nxf2 31. Re5 0-1